Pokémon - Les attaques de Ouistempo - Statistiques

Statistiques générales
  • Ce quiz a été pris 19 fois
  • Le résultat moyen est 6 sur 11
Statistiques - réponses
Niveaux Types Noms des attaques % Correct
Départ Normal Griffe
85%
Départ Normal Rugissement
85%
Niveau 6 Plante Tapotige
69%
Niveau 20 Ténèbres Sabotage
62%
Niveau 12 Plante Tranch'Herbe
62%
Niveau 8 Ténèbres Provoc
54%
Niveau 17 Normal Grincement
38%
Niveau 28 Normal Brouhaha
31%
Niveau 32 Plante Martobois
31%
Niveau 24 Normal Souplesse
23%
Niveau 36 Normal Effort
15%
Aucun quiz correspondant
Distribution des résultats
% des personnes avec chaque résultat
Percentile par nombre de réponses
Votre historique - résultats
Vous n’avez pas pris ce quiz